| 000 | 00712nam a22002177a 4500 | ||
|---|---|---|---|
| 003 | OSt | ||
| 005 | 20221101130251.0 | ||
| 008 | 221101b |||||||| |||| 00| 0 eng d | ||
| 020 | _a9781108669016 | ||
| 245 |
_aArtificial intelligence and social work _cEdited by Milind Tambe and Eric Rice |
||
| 260 |
_bCambridge university press _c2018 |
||
| 440 | _aArtificial intelligence for social good | ||
| 653 | _aComputer Science | ||
| 653 | _aSocial policy and social work | ||
| 653 | _aArtificial intelligence and natural language processing | ||
| 653 | _aSociology | ||
| 700 |
_aTambe, Milind _eEditor |
||
| 700 |
_aRice, Eric _eEditor |
||
| 856 | _uhttps://doi.org/10.1017/9781108669016 | ||
| 942 |
_2ddc _cEB |
||
| 999 |
_c25650 _d25650 |
||